Maestros creativos, alumnos creativos /
Guardado en:
| Autor Principal: | |
|---|---|
| Formato: | Libro |
| Publicado: |
Buenos Aires :
Kapelusz,
1979
|
| Materias: | |
| Etiquetas: |
Agregar Etiqueta
Sin Etiquetas, Sea el primero en etiquetar este registro!
|
| LEADER | 00800nam a22002055a 4500 | ||
|---|---|---|---|
| 001 | CEM.cems006880 | ||
| 005 | 20060214000000.0 | ||
| 008 | 130507s1979##################000#0#####d | ||
| 003 | CEMS | ||
| 082 | 0 | 4 | |a 370.7 |
| 100 | 1 | |a Heinelt, Gottfried | |
| 245 | 1 | 0 | |a Maestros creativos, alumnos creativos / |
| 260 | |a Buenos Aires : |b Kapelusz, |c 1979 | ||
| 300 | |a 119 p. | ||
| 505 | 0 | |a Concepto de creatividad.- El desarrollo de la creatividad.- El diagn¢stico de la creatividad.- La personalidad creativa.- Factores inhibidores de la creatividad en la escuela.- El alumno creativo.- El grupo creativo.- El maestro creativo.- | |
| 653 | |a Creatividad-educacion | ||
| 653 | |a Educacion | ||
| 653 | |a Formacion docente | ||
| 653 | |a Maestros creativos | ||
| 859 | |a CEMS |b BIB. CEMS - 11 de abril |h 370.7 |i H388 |p 8703.81 |t Ej.1 | ||
